| 000 | 00984nam a22002057a 4500 | ||
|---|---|---|---|
| 005 | 20231117123441.0 | ||
| 008 | | mx bo||gr||| 00| 0 spa|d | ||
| 050 | 0 | 4 |
_aF1306 .9 .P54 _bP54 2003 |
| 050 | 0 | 4 |
_aF1306 _bP54 2003 |
| 245 | 0 | 3 |
_aLa Piedad, Michoacán _b : la ventana de nuestros días, la herencia para un nuevo siglo _c / coordinador editorial José Antonio Martínez Álvarez ; coordinador académico Carlos Téllez Valencia. |
| 250 | _a1a ed. | ||
| 260 |
_aLa Piedad de Cabadas, Michoacán de Ocampo, México : _bH. Ayuntamiento Constitucional de La Piedad, Michoacán, _c2003 |
||
| 300 |
_a485 p. : _bil. ; _c22 cm. |
||
| 490 | 0 | _aMonografía Municipal | |
| 504 | _6Incluye bibliografía : p. 473-484, cronología e índice | ||
| 651 | 7 |
_2lemb _aLa Piedad de Cabadas (Michoacán de Ocampo) _zMéxico _xHistoria _yHasta Siglo XX |
|
| 700 | 1 |
_aMartínez Álvarez, José Antonio, _ecoordinador |
|
| 700 | 1 |
_aTélles Valencia, Carlos, _ecoordinador |
|
| 942 |
_2lcc _cLIB |
||
| 999 |
_c35836 _d35836 |
||